| 000 | 00902cam a22003011i 4500 | ||
|---|---|---|---|
| 001 | 2513444 | ||
| 005 | 20170822174834.0 | ||
| 008 | 740410s1967 mau 000 0 eng | ||
| 010 | _a 67011291 //r91 | ||
| 035 | _a(OCoLC)1169600 | ||
| 035 | _a(OCoLC)ocm01169600 | ||
| 035 | _a(NNC)2513444 | ||
| 040 |
_aDLC _cDLC _dBSU |
||
| 050 | 0 | 0 |
_aHB171 _b.S564 1967 |
| 082 | 0 | 0 |
_a330.SLE _221 |
| 090 |
_aHB171 _b.SL28 1967 |
||
| 245 | 0 | 0 |
_aContemporary economics; selected readings, _cedited by Reuben E. Slesinger and Asher Isaacs. |
| 250 | _a2d ed. | ||
| 260 |
_aBoston, _bAllyn and Bacon, _c1967. |
||
| 300 |
_axi, 551 p. _c22 cm. |
||
| 650 | 0 |
_aEconomics. _91242 |
|
| 658 | _aeconomics | ||
| 700 | 1 |
_aPerlman, Mark, _d1923-2006, _eeditor. _910199 |
|
| 700 | 1 |
_aIsaacs, Asher, _d1902-1963, _eeditor. _910200 |
|
| 700 | 1 |
_aSlesinger, Reuben E., _eeditor. _910201 |
|
| 942 |
_2ddc _cBK |
||
| 999 |
_c4803 _d4803 |
||